Identification of rubber clones (Hevea brasiliensis) using inter simple sequence repeat (ISSR) markers (Record no. 60665)

MARC details
000 -LEADER
fixed length control field 00530nam a2200169Ia 4500
100 ## - MAIN ENTRY--AUTHOR NAME
Personal name Lieu H T
245 #0 - TITLE STATEMENT
Title Identification of rubber clones (Hevea brasiliensis) using inter simple sequence repeat (ISSR) markers
260 ## - PUBLICATION, DISTRIBUTION, ETC. (IMPRINT)
Name of publisher IRRDB International Rubber Conference 14-17 December 2011,Chiang
650 ## - SUBJECT ADDED ENTRY--TOPICAL TERM
Topical Term Clonal identification
650 ## - SUBJECT ADDED ENTRY--TOPICAL TERM
Topical Term Hevea brasiliensis
650 ## - SUBJECT ADDED ENTRY--TOPICAL TERM
Topical Term ISSR markers
700 ## - ADDED ENTRY--PERSONAL NAME
Personal name Lam L V
700 ## - ADDED ENTRY--PERSONAL NAME
Personal name Trang L T T
700 ## - ADDED ENTRY--PERSONAL NAME
Personal name Tuy L M
942 ## - ADDED ENTRY ELEMENTS (KOHA)
Koha item type Journals
Holdings
Withdrawn status Lost status Damaged status Not for loan Home library Current library Shelving location Date acquired Koha item type
      Journals RRII Library RRII Library Biotechnology 26/09/2013 Journals